000 00816nam a2200253Ia 4500
003 OSt
005 20221005111833.0
006 a|||||r|||| 00| 0
007 ta
008 221004b |||||||| |||| 00| 0 hin d
024 _a108615
037 _cTextual
040 _aCRL
_cCRL
_bhin
041 _2hin
_ahin
082 _aO152,1M89,11, G9
100 _aजयशंकर ‘प्रसाद’
245 0 _aकानन - कुसुम
246 _aKānan - kusuma
260 _aलहेरियासराय
_bपुस्तक - भंडार भारत
_c1939
300 _a126पृ0
_ccm.
650 _aहिन्दी साहित्य
942 _hO152,1M89,11, G9
_cTEXL
_2cc
999 _c1023057
_d1023057